Making the world safe for democracy : a century of Wilsonianism and its totalitarian challengers /

Bibliographic Details
Main Author: Perlmutter, Amos
Format: Book
Language:English
Published: Chapel Hill : University of North Carolina Press, [1997]
Subjects:

MARC

Tag First Indicator Second Indicator Subfields
LEADER 00000cam a2200000 a 4500
001 in00001404046
005 20151020054311.0
008 970221s1997 ncu b s001 0 eng
010 |a  97009883  
020 |a 0807823651 (alk. paper) 
035 |a (OCoLC)36509655 
035 |9 AHN1037AM 
040 |a DLC  |c DLC  |d TXA  |d UtOrBLW 
049 |a TXAM 
050 0 0 |a D445  |b .P395 1997 
082 0 0 |a 973.91/3  |2 21 
100 1 |a Perlmutter, Amos. 
245 1 0 |a Making the world safe for democracy :  |b a century of Wilsonianism and its totalitarian challengers /  |c by Amos Perlmutter. 
264 1 |a Chapel Hill :  |b University of North Carolina Press,  |c [1997] 
264 4 |c ©1997 
300 |a xvi, 194 pages ;  |c 24 cm. 
336 |a text  |b txt  |2 rdacontent 
337 |a unmediated  |b n  |2 rdamedia 
338 |a volume  |b nc  |2 rdacarrier 
504 |a Includes bibliographical references (pages 175-181) and index. 
650 0 |a World politics  |y 20th century  |x Case studies. 
600 1 0 |a Wilson, Woodrow,  |d 1856-1924  |x Influence. 
999 |a MARS 
999 f f |s 4d1970de-f148-38e3-9d6d-69bee5f84adf  |i 4130e537-2ebf-3925-9df7-4cea282ef125  |t 0 
952 f f |p normal  |a Texas A&M University  |b College Station  |c Sterling C. Evans Library  |d Evans: Library Stacks  |t 0  |e D445 .P395 1997  |h Library of Congress classification  |i unmediated -- volume  |m A14822132773 
998 f f |a D445 .P395 1997  |t 0  |l Evans: Library Stacks